000 01319aab a2200193 i 4500
001 768714001
003 CO-MdFUSB
005 20240321120905.0
008 240321t1991 ag ||||| |||| 00| 0 spa d
040 _bspa
_cCO-MdFUSB
041 _aspa
100 1 _aKauer, Juan
_eautor
245 1 0 _aDesarrollo comunitario integral :
_bun desafío lanzado por Dios
_c/ Juan Kauer
300 _aVolumen 10, número 4 (octubre - diciembre, 1991), páginas: 6 -12
_c; 27 cm
520 _aComo cristianos que declaramos tener fe en Jesucristo, nuestro Señor y salvador, tenemos que hacer un llamado al arrepentimiento de nuestro rebeldía contra Dios y orar por nuestro pueblo y nuestros gobernantes que se han apartado del buen camino, para que tomen decisiones que promuevan justicia. Además de la oración debemos estar dispuestos a actuar y a involucrarnos en la misión integral que el Señor nos ha llamado a emprender. La evangelización y el trabajo social van a la par y no es bueno separarlos. Muchas organizaciones cristianas están buscando el camino por esta doble vía y nos presentan algunos modelos que no podemos ignorar.
653 _aDesarrollo comunitario integral
773 0 _tIglesia y Misión
_049402
_959664
_gVolumen 10, número 4 (octubre - diciembre, 1991), páginas: 6 -12
_qpáginas: 6
942 _cANA
999 _c51935
_d51935